000 00521nam a2200205Ia 4500
003 OSt
005 20140405085709.0
008 140130s9999 xx 000 0 und d
020 _a0590224360
050 _aPZ 7
_b.W46843Masfp 1989
100 _aWells, Rosemary
_930275
245 _cWells, Rosemary
_aMax's Chocolate chicken /
260 _bScholastic,
_c1989.
_aNew York :
300 _a22 p. :
_bcol. ill. ;
_c22 cm.
440 _v1
_930856
521 _aG2
526 _c300
942 _cBK
_2lcc
999 _c40129
_d40129